<?xml version="1.0" encoding="UTF-8"?>
<record
    xmlns:xsi="http://www.w3.org/2001/XMLSchema-instance"
    xsi:schemaLocation="http://www.loc.gov/MARC21/slim http://www.loc.gov/standards/marcxml/schema/MARC21slim.xsd"
    xmlns="http://www.loc.gov/MARC21/slim">

  <leader>01559nam0a22002651  4500</leader>
  <controlfield tag="001">rc\4204387</controlfield>
  <controlfield tag="005">20260408083109.0</controlfield>
  <datafield tag="021" ind1=" " ind2=" ">
    <subfield code="a">RU</subfield>
    <subfield code="b">[46-20168]</subfield>
  </datafield>
  <datafield tag="035" ind1=" " ind2=" ">
    <subfield code="a">(NLR Aleph) 008204826</subfield>
  </datafield>
  <datafield tag="090" ind1=" " ind2=" ">
    <subfield code="a">8059210</subfield>
    <subfield code="c">8059210</subfield>
  </datafield>
  <datafield tag="100" ind1=" " ind2=" ">
    <subfield code="a">20130415d1948    |||y0rusy50      ca</subfield>
  </datafield>
  <datafield tag="101" ind1="0" ind2=" ">
    <subfield code="a">rus</subfield>
  </datafield>
  <datafield tag="102" ind1=" " ind2=" ">
    <subfield code="a">RU</subfield>
  </datafield>
  <datafield tag="105" ind1=" " ind2=" ">
    <subfield code="a">a   z   |||||</subfield>
  </datafield>
  <datafield tag="200" ind1="1" ind2=" ">
    <subfield code="a">&#x418;&#x43D;&#x441;&#x442;&#x440;&#x443;&#x43A;&#x446;&#x438;&#x44F; &#x43F;&#x43E; &#x43F;&#x440;&#x438;&#x433;&#x43E;&#x442;&#x43E;&#x432;&#x43B;&#x435;&#x43D;&#x438;&#x44E; &#x431;&#x435;&#x442;&#x43E;&#x43D;&#x43D;&#x44B;&#x445; &#x442;&#x440;&#x435;&#x445;&#x43F;&#x443;&#x441;&#x442;&#x43E;&#x442;&#x43D;&#x44B;&#x445; &#x43A;&#x430;&#x43C;&#x43D;&#x435;&#x439; &#x422;&#x41F; (&#x418;-105-46)</subfield>
    <subfield code="a">&#x41D;&#x43E;&#x440;&#x43C;&#x430;&#x43B;&#x44C;</subfield>
    <subfield code="e">&#x41A;&#x430;&#x43C;&#x43D;&#x438; &#x431;&#x435;&#x442;&#x43E;&#x43D;&#x43D;&#x44B;&#x435; &#x442;&#x440;&#x435;&#x445;&#x43F;&#x443;&#x441;&#x442;&#x43E;&#x442;&#x43D;&#x44B;&#x435; &#x422;&#x41F; (&#x41D;&#x420;-134-46)</subfield>
    <subfield code="e">&#x423;&#x442;&#x432;. 9/IX 1946 &#x433;.</subfield>
    <subfield code="f">&#x420;&#x430;&#x437;&#x440;&#x430;&#x431;. &#x426;&#x435;&#x43D;&#x442;&#x440;. &#x43D;&#x430;&#x443;&#x447;.-&#x438;&#x441;&#x441;&#x43B;&#x435;&#x434;. &#x438;&#x43D;-&#x442;&#x43E;&#x432; &#x43F;&#x440;&#x43E;&#x43C;&#x441;&#x43E;&#x43E;&#x440;&#x443;&#x436;&#x435;&#x43D;&#x438;&#x439; "&#x426;&#x41D;&#x418;&#x41F;&#x421;"</subfield>
    <subfield code="g">&#x41C;-&#x432;&#x43E; &#x441;&#x442;&#x440;&#x43E;&#x438;&#x442;&#x435;&#x43B;&#x44C;&#x441;&#x442;&#x432;&#x430; &#x43F;&#x440;&#x435;&#x434;&#x43F;&#x440;&#x438;&#x44F;&#x442;&#x438;&#x439; &#x442;&#x44F;&#x436;&#x435;&#x43B;&#x43E;&#x439; &#x438;&#x43D;&#x434;&#x443;&#x441;&#x442;&#x440;&#x438;&#x438;. &#x422;&#x435;&#x445;&#x43D;. &#x443;&#x43F;&#x440;.</subfield>
  </datafield>
  <datafield tag="210" ind1=" " ind2=" ">
    <subfield code="a">&#x41C;&#x43E;&#x441;&#x43A;&#x432;&#x430;</subfield>
    <subfield code="c">&#x421;&#x442;&#x440;&#x43E;&#x439;&#x438;&#x437;&#x434;&#x430;&#x442;</subfield>
    <subfield code="d">1948</subfield>
    <subfield code="g">&#x422;&#x438;&#x43F;. &#x2116; 3 &#x423;&#x43F;&#x440;. &#x438;&#x437;&#x434;-&#x432; &#x438; &#x43F;&#x43E;&#x43B;&#x438;&#x433;&#x440;&#x430;&#x444;&#x438;&#x438; &#x418;&#x441;&#x43F;&#x43E;&#x43B;&#x43A;&#x43E;&#x43C;&#x430; &#x41B;&#x435;&#x43D;&#x433;&#x43E;&#x440;&#x441;&#x43E;&#x432;&#x435;&#x442;&#x430;</subfield>
    <subfield code="g">&#x422;&#x438;&#x43F;. "&#x41F;&#x441;&#x43A;&#x43E;&#x432;&#x441;&#x43A;. &#x43F;&#x440;&#x430;&#x432;&#x434;&#x430;"</subfield>
  </datafield>
  <datafield tag="215" ind1=" " ind2=" ">
    <subfield code="a">39 &#x441;.</subfield>
    <subfield code="c">&#x438;&#x43B;.</subfield>
    <subfield code="d">19</subfield>
  </datafield>
  <datafield tag="606" ind1=" " ind2=" ">
    <subfield code="a">&#x411;&#x435;&#x442;&#x43E;&#x43D;&#x43D;&#x44B;&#x435; &#x43A;&#x430;&#x43C;&#x43D;&#x438;, &#x442;&#x440;&#x435;&#x445;&#x43F;&#x443;&#x441;&#x442;&#x43E;&#x442;&#x43D;&#x44B;&#x435;</subfield>
    <subfield code="2">psbo</subfield>
  </datafield>
  <datafield tag="710" ind1="0" ind2="1">
    <subfield code="a">&#x421;&#x421;&#x421;&#x420;</subfield>
    <subfield code="b">&#x41C;&#x438;&#x43D;&#x438;&#x441;&#x442;&#x435;&#x440;&#x441;&#x442;&#x432;&#x43E; &#x441;&#x442;&#x440;&#x43E;&#x438;&#x442;&#x435;&#x43B;&#x44C;&#x441;&#x442;&#x432;&#x430; &#x43F;&#x440;&#x435;&#x434;&#x43F;&#x440;&#x438;&#x44F;&#x442;&#x438;&#x439; &#x442;&#x44F;&#x436;&#x435;&#x43B;&#x43E;&#x439; &#x438;&#x43D;&#x434;&#x443;&#x441;&#x442;&#x440;&#x438;&#x438;</subfield>
    <subfield code="b">&#x422;&#x435;&#x445;&#x43D;&#x438;&#x447;&#x435;&#x441;&#x43A;&#x43E;&#x435; &#x443;&#x43F;&#x440;&#x430;&#x432;&#x43B;&#x435;&#x43D;&#x438;&#x435;</subfield>
    <subfield code="3">RU\NLR\AUTH\8810164838</subfield>
    <subfield code="9">825748</subfield>
  </datafield>
  <datafield tag="712" ind1="0" ind2="2">
    <subfield code="a">&#x426;&#x41D;&#x418;&#x418; &#x43F;&#x440;&#x43E;&#x43C;&#x44B;&#x448;&#x43B;&#x435;&#x43D;&#x43D;&#x44B;&#x445; &#x441;&#x43E;&#x43E;&#x440;&#x443;&#x436;&#x435;&#x43D;&#x438;&#x439;</subfield>
    <subfield code="c">&#x41C;&#x43E;&#x441;&#x43A;&#x432;&#x430;</subfield>
    <subfield code="3">RU\NLR\AUTH\8810014876</subfield>
    <subfield code="9">527633</subfield>
  </datafield>
  <datafield tag="801" ind1=" " ind2="0">
    <subfield code="a">RU</subfield>
    <subfield code="b">NLR</subfield>
    <subfield code="g">psbo</subfield>
  </datafield>
  <datafield tag="801" ind1=" " ind2="1">
    <subfield code="a">RU</subfield>
    <subfield code="b">ELAR</subfield>
    <subfield code="2">rusmarc</subfield>
  </datafield>
  <datafield tag="852" ind1=" " ind2=" ">
    <subfield code="a">NLR</subfield>
    <subfield code="j">&#x41F;&#x442;02 &#x413;-4/202</subfield>
  </datafield>
  <datafield tag="942" ind1=" " ind2=" ">
    <subfield code="c">BOOK</subfield>
  </datafield>
  <datafield tag="980" ind1=" " ind2=" ">
    <subfield code="a">NB</subfield>
  </datafield>
  <datafield tag="995" ind1=" " ind2=" ">
    <subfield code="5">2013-10-26</subfield>
    <subfield code="b">NLR01</subfield>
    <subfield code="c">NLR01</subfield>
    <subfield code="e">NTD</subfield>
    <subfield code="f">8204826-10</subfield>
    <subfield code="k">&#x41F;&#x442;02 &#x413;-4/202</subfield>
    <subfield code="o">0</subfield>
    <subfield code="r">BOOK</subfield>
    <subfield code="s">02_4202</subfield>
  </datafield>
</record>
